| 000 | 01127nam a22003257a 4500 | ||
|---|---|---|---|
| 003 | CHAP | ||
| 005 | 20220329135729.0 | ||
| 008 | 971013s1976 mx r 00010 spa d | ||
| 010 | _a41220 | ||
| 011 | _a42192 | ||
| 035 | _a46320 | ||
| 040 | _cCHAP | ||
| 082 | 0 | 4 |
_a331 _bM3Y |
| 100 | 0 | 0 |
_aEngels, Friedrich. _936962 |
| 245 | 1 | _aBosquejo de una crítica de la economía política | |
| 260 |
_aMéxico, D. F. : _bCultura Popular, _c1976 |
||
| 300 | _app. 171-205 | ||
| 501 | _aEnc. con otros impresos similares | ||
| 590 |
_aBATCH-UPD _b10 _c20130110 _lUCH01 _h1838 |
||
| 590 |
_aBATCH-UPD _b10 _c20130410 _lUCH01 _h1209 |
||
| 590 |
_aBATCH-UPD _b10 _c20130914 _lUCH01 _h1231 |
||
| 590 |
_aCONVERSION _b10 _c20130109 _lUCH01 _h1323 |
||
| 650 | 1 | 4 |
_aEconomía. _935226 |
| 901 | _aBK | ||
| 942 | _cLIBRO | ||
| 949 |
_a331 M3Y _bBC _cLIBRO _d-108097 _eLIBRO _h49756 _i46320 _si _t32.00 |
||
| 949 |
_a331 M3Y _bBC _cLIBRO _d-108099 _eLIBRO _fc.3 _h49758 _i46320 _si _t32.00 |
||
| 949 |
_a331 M3Y _bBC _cLIBRO _d33724000331559 _eLIBRO _fc.4 _h59413 _i46320 _si _t32.00 |
||
| 949 |
_a331 M3Y _bBC _cLIBRO _d33724000331567 _eLIBRO _fc.2 _h49757 _i46320 _si _t32.00 |
||
| 999 |
_c41220 _d41220 |
||